[Event "Aragon-ch Seniors-A"]
[Site "Zaragoza"]
[Date "2017.04.29"]
[Round "2"]
[White "Latorre Bueno, Francisco"]
[Black "Sanchez Valles, Jose Maria"]
[Result "0-1"]
[WhiteElo "1541"]
[BlackElo "1768"]
[PlyCount "64"]
[EventDate "2017.04.22"]
[EventType "swiss"]
[EventRounds "8"]
[EventCountry "ESP"]
[SourceTitle "EXT 2019"]
[Source "ChessBase"]
[SourceDate "2018.10.10"]
[SourceVersion "1"]
[SourceVersionDate "2018.10.10"]
[SourceQuality "1"]

1. d4 Nf6 2. Nf3 d6 3. c4 Nbd7 4. Nc3 g6 5. e3 Bg7 6. Be2 0-0 7. 0-0 e6 8. b3 b6 9. Bb2 Bb7 10. Rc1 c5 11. Nb5 Ne4 12. Nc3 Qe7 13. Qc2 f5 14. Rcd1 Ndf6 15. dxc5 dxc5 16. Rd3 Nxc3 17. Bxc3 Be4 18. Rfd1 Bxd3 19. Rxd3 Rfd8 20. Ne1 e5 21. Qb2 e4 22. Rxd8+ Rxd8 23. g3 Nd7 24. Ng2 Bxc3 25. Qxc3 g5 26. h4 h6 27. hxg5 hxg5 28. g4 Ne5 29. gxf5 Nf3+ 30. Kf1 Qh7 31. Bxf3 Qh1+ 32. Ke2 Qd1# 0-1

[Event "Aragon-ch Seniors"]
[Site "Zaragoza"]
[Date "2015.05.16"]
[Round "5"]
[White "Latorre Bueno, Francisco"]
[Black "Navarro Castan, Jesus"]
[Result "0-1"]
[WhiteElo "1548"]
[BlackElo "1862"]
[PlyCount "84"]
[EventDate "2015.04.18"]
[EventType "swiss"]
[EventRounds "8"]
[EventCountry "ESP"]
[SourceTitle "EXT 2017"]
[Source "ChessBase"]
[SourceDate "2016.10.25"]
[SourceVersion "1"]
[SourceVersionDate "2016.10.25"]
[SourceQuality "1"]

1. d4 Nf6 2. e3 b6 3. Nf3 Bb7 4. Be2 e6 5. a3 d5 6. 0-0 Bd6 7. Nbd2 0-0 8. Bd3 Nbd7 9. c3 c5 10. Qc2 Rc8 11. Qb1 Bb8 12. e4 dxe4 13. Nxe4 Nxe4 14. Bxe4 Bxe4 15. Qxe4 Nf6 16. Qh4 cxd4 17. Nxd4 h6 18. Be3 Nd5 19. Qe4 Qd6 20. Nf3 f5 21. Qd3 Rcd8 22. Qe2 Qe7 23. Bd4 Rfe8 24. Be5 Qf7 25. Bxb8 Rxb8 26. Ne5 Qb7 27. Qf3 Qc7 28. Rfe1 Nf6 29. Rad1 Ne4 30. Nd3 Rbd8 31. Qe2 e5 32. f3 Nf6 33. Qc2 e4 34. fxe4 Nxe4 35. Rf1 Qc8 36. Rf3 Rd5 37. Rdf1 Red8 38. Qb3 Kh7 39. Qc2 Qc4 40. Rd1 Nc5 41. Rf4 Qxf4 42. Nxf4 Rxd1+ 0-1